Singing with Momma Lou / (Record no. 355424)
[ view plain ]
| 000 -LEADER | |
|---|---|
| fixed length control field | 00514nam a2200193Ia 4500 |
| 008 - FIXED-LENGTH DATA ELEMENTS--GENERAL INFORMATION | |
| fixed length control field | 180207s9999 xx 000 0 und d |
| 020 ## - INTERNATIONAL STANDARD BOOK NUMBER | |
| International Standard Book Number | 9781584300403 |
| 050 ## - LIBRARY OF CONGRESS CALL NUMBER | |
| Item number | A468 2002 |
| 100 ## - MAIN ENTRY--PERSONAL NAME | |
| Personal name | Altman, Linda Jacobs |
| 245 ## - TITLE STATEMENT | |
| Title | Singing with Momma Lou / |
| 245 ## - TITLE STATEMENT | |
| Statement of responsibility, etc | Linda Jacobs Altman ; illustrated by Larry Johnson. |
| 250 ## - EDITION STATEMENT | |
| Edition statement | First edition. |
| 260 ## - PUBLICATION, DISTRIBUTION, ETC. (IMPRINT) | |
| Place of publication, distribution, etc | New York : |
| 260 ## - PUBLICATION, DISTRIBUTION, ETC. (IMPRINT) | |
| Name of publisher, distributor, etc | Lee & Low Books Inc., |
| 260 ## - PUBLICATION, DISTRIBUTION, ETC. (IMPRINT) | |
| Date of publication, distribution, etc | 2002 |
| 300 ## - PHYSICAL DESCRIPTION | |
| Extent | unpaged : |
| 300 ## - PHYSICAL DESCRIPTION | |
| Other physical details | color illustration ; |
| 300 ## - PHYSICAL DESCRIPTION | |
| Dimensions | 27cm. |
| Withdrawn status | Lost status | Damaged status | Home library | Current library | Date acquired | Total Checkouts | Full call number | Barcode | Date last seen | Price effective from | Koha item type |
|---|---|---|---|---|---|---|---|---|---|---|---|
| Stonyhurst Southville International School (Malarayat) | Stonyhurst Southville International School (Malarayat) | 02/07/2018 | ER A468 2002 | SSISM4969 | 02/07/2018 | 02/07/2018 | Books |